000 00819cab a2200229 4500
001 WB2847-08
008 090401t1992 xxu||||| |||| 00| 0 eng d
035 _a(Sirsi) u72798
041 _aeng
245 _aFaults hidden during recession
260 _c1992
350 _a0
490 _aTimes
_v2 December 1992 32(2)
520 _aThe pattern of home maintenance has changed since the onset of the house market slump as fewer moves have reduced the demand for building surveys, and whilst many householders are making more effort to repair or renovate their homes many causes of deterioration remain undetected.
650 _aHOME IMPROVEMENTS
650 _aLOG BOOKS
650 _aSTATISTICS
650 _aSURVEYS
690 _aBUILT ENVIRONMENT-BUILDING INSPECTION
942 _n0
948 _c04/03/1997
999 _c46009
_d46009